<?xml version="1.0" encoding="UTF-8"?>
<record
    xmlns:xsi="http://www.w3.org/2001/XMLSchema-instance"
    xsi:schemaLocation="http://www.loc.gov/MARC21/slim http://www.loc.gov/standards/marcxml/schema/MARC21slim.xsd"
    xmlns="http://www.loc.gov/MARC21/slim">

  <leader>01980ngm a2200277 a 4500</leader>
  <controlfield tag="001">C01464662c-6</controlfield>
  <controlfield tag="003">CO-ViMGA</controlfield>
  <controlfield tag="005">20230915234241.0</controlfield>
  <controlfield tag="008">141017s2014    ck 000 g      s   vcspa d</controlfield>
  <datafield tag="040" ind1=" " ind2=" ">
    <subfield code="a">CO-ViMGA</subfield>
    <subfield code="b">spa</subfield>
    <subfield code="c">CO-ViMGA</subfield>
  </datafield>
  <datafield tag="043" ind1=" " ind2=" ">
    <subfield code="a">s-ck---</subfield>
  </datafield>
  <datafield tag="082" ind1="0" ind2="4">
    <subfield code="a">364.151 </subfield>
    <subfield code="2">21</subfield>
    <subfield code="b">C25</subfield>
  </datafield>
  <datafield tag="110" ind1="2" ind2=" ">
    <subfield code="a">Centro Nacional de Memoria Hist&#xF3;rica.</subfield>
    <subfield code="9">7181</subfield>
  </datafield>
  <datafield tag="245" ind1="1" ind2="0">
    <subfield code="a">Caja viajera de memoria hist&#xF3;rica </subfield>
    <subfield code="h">[videograbaci&#xF3;n] : </subfield>
    <subfield code="b">siete documentales sobre el conflicto armado en Colombia / </subfield>
    <subfield code="c">Centro Nacional de Memoria Hist&#xF3;rica.</subfield>
  </datafield>
  <datafield tag="260" ind1=" " ind2=" ">
    <subfield code="a">Bogot&#xE1; : </subfield>
    <subfield code="b">Centro Nacional de Memoria Hist&#xF3;rica, </subfield>
    <subfield code="c">2014.</subfield>
  </datafield>
  <datafield tag="300" ind1=" " ind2=" ">
    <subfield code="a">7 DVD : </subfield>
    <subfield code="b">digital ; </subfield>
    <subfield code="c">12 cm.</subfield>
  </datafield>
  <datafield tag="500" ind1=" " ind2=" ">
    <subfield code="a">Resumen de la obra tomada del sitio web del Centro de Memoria Hist&#xF3;rica.</subfield>
  </datafield>
  <datafield tag="505" ind1="0" ind2=" ">
    <subfield code="a">DVD 1. Mujeres tras las huellas de la memoria -- DVD 2. El Salado: rostros de una masacre -- DVD 3. Bojay&#xE1;: la guerra sin l&#xED;mites -- DVD 4. Nunca m&#xE1;s: Trujillo una tragedia que no cesa -- DVD 5. San Carlos: memorias del &#xE9;xodo de la guerra -- DVD 6.  Mampuj&#xE1;n: cr&#xF3;nica de un desplazamiento -- DVD 7. No hubo tiempo para la tristeza</subfield>
  </datafield>
  <datafield tag="520" ind1=" " ind2=" ">
    <subfield code="a">[Una colecci&#xF3;n con los siete documentales que el CNMH ha realizado a lo largo de los &#xFA;ltimos a&#xF1;os. Cada uno de los videos es una muestra no solo del trabajo de investigaci&#xF3;n del Centro sino el reflejo de lo que ha sido la guerra, por ejemplo, en Trujillo, Bojay&#xE1; o El Salado. Adicional a esto, La Caja Viajera incluye el documental, "No hubo tiempo para la tristeza", basado en el informe general {Basta ya! Colombia: memorias de guerra y dignidad]</subfield>
  </datafield>
  <datafield tag="650" ind1="1" ind2="4">
    <subfield code="a">Conflicto armado</subfield>
    <subfield code="z"> Colombia</subfield>
    <subfield code="v"> Videodiscos digitales.</subfield>
    <subfield code="9">7182</subfield>
  </datafield>
  <datafield tag="650" ind1="1" ind2="4">
    <subfield code="a">Guerra</subfield>
    <subfield code="z"> Colombia</subfield>
    <subfield code="v"> Documentales</subfield>
    <subfield code="v"> Videodiscos digitales.</subfield>
    <subfield code="9">7186</subfield>
  </datafield>
  <datafield tag="650" ind1="1" ind2="4">
    <subfield code="a">Masacre de Bojay&#xE1;, Colombia, 2002</subfield>
    <subfield code="v"> Videodiscos digitales.</subfield>
    <subfield code="9">7184</subfield>
  </datafield>
  <datafield tag="650" ind1="1" ind2="4">
    <subfield code="a">Masacres de Trujillo, Colombia, 1986-1994</subfield>
    <subfield code="v"> Videodiscos digitales.</subfield>
    <subfield code="9">7185</subfield>
  </datafield>
  <datafield tag="650" ind1="1" ind2="4">
    <subfield code="a">Masacres</subfield>
    <subfield code="z"> El Salado (Colombia)</subfield>
    <subfield code="v"> Videodiscos digitales.</subfield>
    <subfield code="9">7183</subfield>
  </datafield>
  <datafield tag="942" ind1=" " ind2=" ">
    <subfield code="2">ddc</subfield>
    <subfield code="c">DVD</subfield>
  </datafield>
  <datafield tag="999" ind1=" " ind2=" ">
    <subfield code="c">37680</subfield>
    <subfield code="d">37680</subfield>
  </datafield>
</record>
